Fictions / (Record no. 18891)
[ view plain ]
| 000 -LEADER | |
|---|---|
| fixed length control field | 01404 am a2200373ua 4500 |
| 001 - CONTROL NUMBER | |
| control field | 011934940 |
| 003 - CONTROL NUMBER IDENTIFIER | |
| control field | EG-ScBUE |
| 005 - DATE AND TIME OF LATEST TRANSACTION | |
| control field | 20220404122145.0 |
| 008 - FIXED-LENGTH DATA ELEMENTS--GENERAL INFORMATION | |
| fixed length control field | 010423s2000 enk f 000 1deng d |
| 020 ## - INTERNATIONAL STANDARD BOOK NUMBER | |
| International Standard Book Number | 0141183845 (pbk.) |
| 020 ## - INTERNATIONAL STANDARD BOOK NUMBER | |
| International Standard Book Number | 9780141183848 |
| 040 ## - CATALOGING SOURCE | |
| Original cataloging agency | StDuBDS |
| Language of cataloging | eng |
| Description conventions | rda |
| Modifying agency | Uk |
| -- | EG-ScBUE |
| Transcribing agency | EG-ScBUE |
| 041 1# - LANGUAGE CODE | |
| Language code of text/sound track or separate title | eng |
| Language code of original and/or intermediate translations of text | spa |
| 082 00 - DEWEY DECIMAL CLASSIFICATION NUMBER | |
| Classification number | 863.62 |
| Edition number | 22 |
| Item number | BOR |
| 100 1# - MAIN ENTRY--PERSONAL NAME | |
| Personal name | Borges, Jorge Luis, |
| Dates associated with a name | 1899-1986, |
| Relator term | author. |
| 240 10 - UNIFORM TITLE | |
| Uniform title | <a href="Ficciones.">Ficciones.</a> |
| Language of a work | English |
| 245 10 - TITLE STATEMENT | |
| Title | Fictions / |
| Statement of responsibility, etc | Jorge Luis Borges ; translated with an afterword by Andrew Hurley. |
| 264 #1 - PUBLICATION, DISTRIBUTION, ETC. (IMPRINT) | |
| Place of publication, distribution, etc | London : |
| Name of publisher, distributor, etc | Penguin Books, |
| Date of publication, distribution, etc | 2000. |
| 300 ## - PHYSICAL DESCRIPTION | |
| Extent | 178 pages ; |
| Dimensions | 20 cm. |
| 336 ## - CONTENT TYPE | |
| Source | rdacontent |
| Content type term | text |
| Content type code | txt |
| 337 ## - MEDIA TYPE | |
| Source | rdamedia |
| Media type term | unmediated |
| Media type code | n |
| 338 ## - CARRIER TYPE | |
| Source | rdacarrier |
| Carrier type term | volume |
| Carrier type code | nc |
| 490 0# - SERIES STATEMENT | |
| Series statement | Penguin modern classics |
| 500 ## - GENERAL NOTE | |
| General note | These translations first published in Collected fictions: United States : Viking Penguin, 1998. |
| 546 ## - LANGUAGE NOTE | |
| Language note | Text in English ; translated from the original Spanish. |
| 600 14 - SUBJECT ADDED ENTRY--PERSONAL NAME | |
| Personal name | Borges, Jorge Luis, |
| Dates associated with a name | 1899-1986 |
| General subdivision | Translations into English. |
| Source of heading or term | BUEsh |
| 9 (RLIN) | 37198 |
| 650 #7 - SUBJECT ADDED ENTRY--TOPICAL TERM | |
| Topical term or geographic name as entry element | Short stories, Argentine |
| General subdivision | Translations into English. |
| Source of heading or term | BUEsh |
| 9 (RLIN) | 37200 |
| 650 #7 - SUBJECT ADDED ENTRY--TOPICAL TERM | |
| Topical term or geographic name as entry element | Argentine fiction |
| General subdivision | Translations into English. |
| Source of heading or term | BUEsh |
| 9 (RLIN) | 37201 |
| 651 ## - SUBJECT ADDED ENTRY--GEOGRAPHIC NAME | |
| Source of heading or term | BUEsh |
| 653 ## - INDEX TERM--UNCONTROLLED | |
| Arrived date list | January2015 |
| Resource For college | Humanities: English |
| 655 ## - INDEX TERM--GENRE/FORM | |
| Form subdivision | Reading book |
| 9 (RLIN) | 34232 |
| 700 1# - ADDED ENTRY--PERSONAL NAME | |
| Personal name | Hurley, Andrew, |
| 9 (RLIN) | 37199 |
| Relator term | translator. |
| 942 ## - ADDED ENTRY ELEMENTS (KOHA) | |
| Source of classification or shelving scheme | Dewey Decimal Classification |
| Call number prefix | 863.62 BOR |
| Koha item type | Book - Borrowing |
| Withdrawn status | Lost status | Source of classification or shelving scheme | Damaged status | Not for loan | Collection code | Home library | Current library | Shelving location | Date acquired | Source of acquisition | Cost, normal purchase price | Serial Enumeration / chronology | Total Checkouts | Full call number | Barcode | Date last seen | Date checked out | Cost, replacement price | Price effective from | Koha item type |
|---|---|---|---|---|---|---|---|---|---|---|---|---|---|---|---|---|---|---|---|---|
| Dewey Decimal Classification | AUC | Central Library | Central Library | Second Floor | 15/01/2015 | 100.00 | 21291 | 2 | 863.62 BOR | 000037314 | 15/07/2025 | 09/02/2022 | 125.00 | 15/01/2015 | Book - Borrowing |